000 00862nam a2200241 a 4500
001 BRCA_6763
005 20190320205600.0
008 251011s1935----mx-#######---#000-0#spa-#
041 _aspa
044 _amx
050 4 _aF1234
_b.U68
_c1935
245 1 0 _aUn siglo de relaciones internaciones de México
_ba través de los mensajes presidenciales; prólogo por Genaro Estrada
260 _aMéxico
_bSecretaría de Relaciones Exteriores
_c1935
300 _a464 p.
_c23 cm.
440 0 _aArchivo histórico diplomático
_v39
_916882
500 _aI129
_eRelaciones internacionales
651 4 _aMéxico
_vDiscursos, ensayos, conferencias
_xHistoria
_911983
651 4 _aMéxico
_xSecretaría de Relaciones Exteriores
_916883
651 4 _aMéxico
_xRelaciones exteriores
_916884
700 1 _aEstrada, Genaro
_f1887-1937
_97738
902 _aGFM
942 _2lcc
_cB
999 _c6446
_d6446